Представление документа в формате RUSMARC

ПолеНазваниеЗначение
  Тип записи a
  Библиографический уровень a
001 Контрольный номер RU/CBS_UL/BASE/663873630
005 Дата корректировки 20240209175256.0
100 Данные общей обработки __
a Данные общей обработки 20210113d2021 ||| 0rusy0189 ca
101 Язык документа 0_
a Язык текста rus
102 Страна публикации __
a Страна публикации RU
105 Кодированные данные (монография) __
a Кодированные данные (монография) y###||||000|y
181 Поле кодированных данных: вид содержания _1
a Код вида содержания (ISBD) i#
b Код характеристики содержания (ISBD) #xxe##
d i
g x
h x
i e
182 Поле кодированных данных: тип средства _1
a Код типа средства (ISBD) n
2 Код системы (источник кода, отличный от ISBD) isbdmedia
200 Заглавие и сведения об ответственности 1_
a Заглавие Семья Браговских
b Общее обозначение материала Текст
e Сведения, относящиеся к заглавию [из истории семьи Браговских: страницы воспоминаний о жизни и творчестве тарусских художников]
f Первые сведения об ответственности А. Браговская
w Текст (визуальный) : непосредственный
203 Вид содержания и тип средства __
a Вид содержания Текст
b Характеристика содержания визуальный
c Тип средства непосредственный
333 Примечание о целевом назначении __
a Примечание о целевом назначении 6+
461 Уровень набора _0
1 2000
a Юный художник
463 Уровень физической единицы _0
1 001RU/CBS_UL/BASE/649969499
1 2000
a № 12
v С. 14-18 : цв. ил.
1 210
d 2019
600 Персоналии _0
a Персоналии (Фамилия) Браговский
b Персоналии (Имя, инициалы) Э.Г.
600 Персоналии _0
a Персоналии (Фамилия) Браговская
b Персоналии (Имя, инициалы) Н.С.
600 Персоналии _0
a Персоналии (Фамилия) Браговская
b Персоналии (Имя, инициалы) А.Е.
606 Тематические рубрики 0_
a Основная рубрика Художники русские 20-21 вв.
y Географическая подрубрика Таруса, город (Калужская область)
610 Ключевые слова 0_
a Ключевые слова искусство
a Ключевые слова живопись
a Ключевые слова художники
a Ключевые слова тарусские художники
a Ключевые слова пейзаж
a Ключевые слова портреты
a Ключевые слова воспоминания
686 Индексы других классификаций __
a Классификационный индекс 85.143(2)
2 Код системы rubbk
700 Автор _1
a Фамилия Браговская
b Имя (инициалы) А.
801 Источник записи _0
a Страна RU
b Организация МБУК ЦБС г. Ульяновска
c Дата составления 20210113
g Правила каталогизации RCR
801 Источник записи _1
a Страна RU
b Организация МБУК ЦБС г. Ульяновска
c Дата составления 20210113
g Правила каталогизации RCR
901 Тип документа __
t Тип документа b
w Контрольный № источника RU/CBS_UL/BASE/649969499
910 Корректоры записи __
a Корректор записи Библиотека 1
938 Служебная информация __
a Имя БД period